[Event "Landesliga N9596 Bayern"]
[Site "Germany"]
[Date "1996.??.??"]
[Round "?"]
[White "Fiedler, Wolfgang"]
[Black "Schulze, Harald"]
[Result "1/2-1/2"]
[WhiteElo "2105"]
[BlackElo "2120"]

1.Nf3 d5 2.g3 Nf6 3.Bg2 e6 4.d3 b6 5.Nbd2 Bb7 6.O-O Be7 7.c3 c5 8.Qc2 Nc6
9.e4 h6 10.Re1 Qc7 11.Nf1 dxe4 12.dxe4 Nd7 13.Bf4 Bd6 14.Bxd6 Qxd6 15.Rad1 Qc7
16.Rd2 O-O-O 17.Red1 Nde5 18.Rxd8+ Rxd8 19.Rxd8+ Qxd8 20.Nxe5 Nxe5 21.f4 Qd3
22.Qf2 Nc4 23.e5 Kc7 24.Bxb7 Kxb7 25.b3 Na5 26.Qd2 Qxd2 27.Nxd2 Kc6 28.Kf2 Kd5
29.Ke3 b5 30.Ne4 Nb7 31.g4 a6 32.h4 Nd8 33.h5 c4 34.b4 Nc6 35.g5 Ne7 36.gxh6 Nf5+
37.Kf2 Nxh6 38.Kf3 Nf5 39.Ng5 Nh6 40.a3 f6 41.exf6 gxf6 42.Ne4 f5 43.Nc5 a5
44.Nd7 axb4 45.axb4 Nf7 46.Ke3 Kd6 47.Nf8 e5 48.fxe5+ Kxe5 49.Ng6+ Kf6 50.Kf4 Ng5
51.Ke3 Ne4 52.Kd4 Ng3 53.Nf4 Kg5 54.Ke5 Nxh5 55.Nxh5 Kxh5 56.Kxf5 Kh4 57.Kf4 Kh3
58.Kf3 Kh2 59.Kf2 Kh1 60.Ke3 Kg2 61.Kd4 Kf3 62.Kc5 Ke3 63.Kxb5 Kd3 64.Ka4 Kxc3
65.b5 Kd2 66.b6 c3  1/2-1/2

[Event "Landesliga N9596 Bayern"]
[Site "Germany"]
[Date "1996.??.??"]
[Round "?"]
[White "Seibold, Hubert"]
[Black "Schulze, Harald"]
[Result "1/2-1/2"]
[WhiteElo "2215"]
[BlackElo "2120"]

1.Nf3 d5 2.g3 Nf6 3.Bg2 c5 4.O-O Nc6 5.d3 Bg4 6.h3 Bh5 7.Nbd2 e6 8.c4 Be7
9.b3 O-O 10.Bb2 d4 11.a3 e5 12.Ne4 Nxe4 13.dxe4 f5 14.exf5 Bxf3 15.Bxf3 Rxf5
16.Qd3 Qf8 17.Bg2 Bd6 18.Qe4 Re8 19.Rad1 Na5 20.Rd3 b6 21.Bc1 Be7 22.Bd2 Bg5  1/2-1/2

[Event "Landesliga N9596 Bayern"]
[Site "Germany"]
[Date "1996.??.??"]
[Round "?"]
[White "Strube, Frank"]
[Black "Dalinger, Valerie"]
[Result "1-0"]
[WhiteElo "2125"]
[BlackElo "2200"]

1.Nf3 d5 2.g3 Nf6 3.Bg2 e6 4.O-O Be7 5.d4 O-O 6.c4 dxc4 7.Ne5 Nc6 8.Nxc6 bxc6
9.Qa4 Qxd4 10.Nc3 Bd7 11.Rd1 Qc5 12.Ne4 Nxe4 13.Bxe4 Bd6 14.Be3 Qh5 15.Qxc4 Rab8
16.Bf3 Qg6 17.b3 a5 18.Rac1 e5 19.Bxc6 Bf5 20.Bc5 h5 21.Qc3 Be4 22.Bxd6 cxd6
23.Qxa5 h4 24.Qa4 f5 25.Qc4+ Kh7 26.Bxe4 fxe4 27.Qc3 Rf6 28.Rf1 Rbf8 29.Rcd1 Rf4
30.Qe3 R8f6 31.Kg2 Qg5 32.Qa7 Rg6 33.a4 Rg4 34.Qe3 Qxe3 35.fxe3 hxg3 36.h3 Rh4
37.a5 Rgh6 38.Rh1 g5 39.b4 Rf6 40.Kxg3 Rhh6 41.a6 d5 42.b5 Kg6 43.Rxd5 g4  1-0

[Event "NRW-Liga II 9596"]
[Site "Germany"]
[Date "1996.??.??"]
[Round "?"]
[White "Rieke, Theo"]
[Black "Eng, Holger"]
[Result "1/2-1/2"]
[WhiteElo "2245"]
[BlackElo "2365"]

1.Nf3 d5 2.g3 Bg4 3.Bg2 Nd7 4.O-O c6 5.d3 Ngf6 6.c4 dxc4 7.dxc4 Bxf3 8.exf3 g6
9.Nc3 Bg7 10.Be3 O-O 11.Qc2 Qa5 12.Rad1 Rfd8 13.b3 Nf8 14.Ne2 Rd6 15.Bf4 Rxd1
16.Rxd1 Rd8 17.Rxd8 Qxd8 18.Qd2 Qxd2 19.Bxd2 N8d7 20.Be3 a6 21.f4 Ne8 22.Nd4 Nd6
23.Bh3 e6 24.Nxe6 f5 25.Bg2 Bf6 26.h4 Kf7 27.Nc5 Nxc5 28.Bxc5 Ke6 29.Kf1 Ne4
30.Bxe4 fxe4 31.g4 Bxh4 32.g5 Kf5 33.Bd6 Kg4 34.Ke2 Kh3 35.Kf1 Kg4 36.Ke2 Kh3
37.Kf1 Kg4  1/2-1/2

[Event "Landesliga S9596 Bayern"]
[Site "Germany"]
[Date "1996.??.??"]
[Round "?"]
[White "Kempter, Ronald"]
[Black "Schneider, Richard"]
[Result "0-1"]
[WhiteElo "2250"]
[BlackElo "2215"]

1.Nf3 d5 2.g3 Nf6 3.Bg2 c6 4.O-O g6 5.d4 Bg7 6.c4 dxc4 7.Ne5 Be6 8.Na3 Bd5
9.Naxc4 Bxg2 10.Kxg2 O-O 11.e3 Qd5+ 12.Qf3 Nbd7 13.Qxd5 cxd5 14.Nxd7 Nxd7
15.Na5 e5 16.dxe5 Nxe5 17.Rd1 b6 18.Nb3 Nc6 19.Rxd5 Rfd8 20.e4 Nb4 21.Rxd8+ Rxd8
22.Be3 Bxb2 23.Rb1 Bg7 24.a4 Nc2 25.Bg5 Rd3 26.a5 h6 27.axb6 axb6 28.Be7 Rd7
29.Rc1 Rxe7 30.Rxc2 Rxe4 31.Nd2 Rb4 32.Rc8+ Bf8 33.Nc4 Kg7 34.Rc6 Bc5 35.Ne5 Bd4
36.Rc4 Rxc4 37.Nxc4 Kf6 38.f4 Ke6 39.Kf3 Kd5 40.Nd2 f5 41.Ke2 Bc3 42.Nf3 Ke4
43.Nh4 g5 44.fxg5 hxg5 45.Nf3 g4 46.Ng5+ Kd5 47.h4 gxh3 48.Nxh3 Be5 49.Kf3 b5
50.Nf2 b4 51.g4 fxg4+ 52.Nxg4 b3 53.Ne3+ Kd4 54.Nd1 Kd3 55.Nf2+ Kc2 56.Ng4 Bd4  0-1

[Event "Bundesliga 9697"]
[Site "Germany"]
[Date "1996.??.??"]
[Round "?.2"]
[White "King, Daniel J"]
[Black "Kabatianski, Alexandr"]
[Result "1/2-1/2"]
[WhiteElo "2535"]
[BlackElo "2440"]

1.g3 d5 2.Nf3 b6 3.Bg2 Bb7 4.c4 dxc4 5.Na3 e6 6.Nxc4 Nf6 7.O-O c5 8.d4 Bd5
9.Nce5 Nbd7 10.Bg5 Be7 11.Qa4 a6 12.dxc5 Bxc5 13.Rad1 b5 14.Qh4 Qc7 15.Bf4 Qb7
16.Ne1 Bxg2 17.Nxg2 O-O 18.Nxd7 Nxd7 19.Bd6 Bxd6 20.Rxd6 Nf6 21.Rfd1 Rac8
22.Ne3 h6 23.Qd4 Rc6 24.f3 Rxd6 25.Qxd6 Rc8 26.Kf2 Qa7 27.Qd4 Qc7 28.Qd6 Qa7
29.Qd4 Qc7 30.Qd6 Qa7  1/2-1/2

[Event "Landesliga Sued 9697 Bayern"]
[Site "Germany"]
[Date "1996.??.??"]
[Round "?"]
[White "Hackenberg, Andreas"]
[Black "Luft, Martin"]
[Result "1-0"]
[WhiteElo "2120"]
[BlackElo "2105"]

1.Nf3 d5 2.g3 Bf5 3.Bg2 e6 4.O-O h6 5.d3 Nf6 6.c4 c6 7.cxd5 cxd5 8.Qb3 Qb6
9.Nc3 Qxb3 10.axb3 Nc6 11.Nb5 Kd7 12.Bf4 a6 13.e4 Bg4 14.Rfc1 Be7 15.Rxc6 Kxc6
16.Rc1+ Kxb5 17.Nd4+ Kb6 18.Bc7+ Ka7 19.Nb5+  1-0

[Event "Landesliga Sued 9697 Bayern"]
[Site "Germany"]
[Date "1996.??.??"]
[Round "?"]
[White "Egger, Thomas"]
[Black "Schneider, Michael"]
[Result "0-1"]
[WhiteElo "2280"]
[BlackElo "2200"]

1.Nf3 d5 2.g3 Nf6 3.Bg2 c6 4.O-O g6 5.d4 Bg7 6.c4 O-O 7.cxd5 cxd5 8.Ne5 Nc6
9.Nxc6 bxc6 10.Nc3 Rb8 11.b3 Bf5 12.Na4 Nd7 13.Ba3 Re8 14.Rc1 e5 15.dxe5 Nxe5
16.Bc5 a5 17.Qd2 Nd7 18.e3 Ne5 19.Bd4 Bd7 20.Nc5 Bg4 21.Bxe5 Bxe5 22.Nd3 Bg7
23.Rxc6 d4 24.e4 Bd7 25.Rc2 a4 26.b4 a3 27.Nc5 Bb5 28.Rd1 Qb6 29.Bf1 Bxf1
30.Kxf1 Qxb4 31.Qxb4 Rxb4 32.Nd3 Rbb8 33.f3 Bh6 34.Rc4 Rec8 35.Rxd4 Rc2 36.Nb4 Rxh2
37.Rd8+ Bf8 38.Nd5 Rxa2 39.Nf6+ Kg7 40.e5 Rbb2  0-1

[Event "Landesliga Nord 9697 Bayern"]
[Site "Germany"]
[Date "1996.??.??"]
[Round "?"]
[White "Straschewski, Joerg"]
[Black "Vojtech, Jaroslav"]
[Result "1-0"]
[WhiteElo "2000"]
[BlackElo "2260"]

1.Nf3 d5 2.g3 g6 3.Bg2 Bg7 4.O-O Nf6 5.d3 O-O 6.Nbd2 Nbd7 7.e4 dxe4 8.dxe4 Nc5
9.Qe2 c6 10.e5 Nd5 11.Rd1 Qc7 12.h3 Be6 13.Nb3 Nxb3 14.axb3 a6 15.Bd2 a5
16.c4 Nb4 17.Bc3 Rad8 18.Nd4 Bc8 19.f4 e6 20.Kh2 Rfe8 21.c5 Bf8 22.Qc4 b5
23.cxb6 Qxb6 24.Bxb4 Bxb4 25.Qxc6 Qa7 26.Nc2 Bd7 27.Qf3 Bf8 28.Ne3 Rc8 29.Nc4 Bc6
30.Qe2 Bxg2 31.Qxg2 Bb4 32.Nd6 Bxd6 33.Rxd6 Qe3 34.Rxa5 Qxb3 35.Rd2 Red8
36.Rxd8+ Rxd8 37.Ra8 Rxa8 38.Qxa8+ Kg7 39.Qg2 h5 40.Qe2 Qa4 41.h4 Qd4 42.Kg2 Qd5+
43.Kf2 Qc5+ 44.Kg2 Qd5+ 45.Kh2 Qb3 46.Qd2 Kg8 47.Kg2 Qb7+ 48.Kf2 Qb6+ 49.Ke2 Qa6+
50.Qd3 Qa2 51.Qc3 Kg7 52.Ke3 Qa7+ 53.Kd3 Qf2 54.Kc4 Qe2+ 55.Kc5 Qa6 56.b4 Qc8+
57.Kd4 Qd7+ 58.Ke3 Qd5 59.Qd3 Qg2 60.Kd4 Qd5+ 61.Kc3 Qa2 62.b5 Qa4 63.Kb2 Qb4+
64.Qb3 Qd4+ 65.Ka3 Qa1+ 66.Kb4 Qd4+ 67.Qc4 Qb2+ 68.Kc5 Qa3+ 69.Kc6 Qa8+ 70.Kc7 Qa7+
71.Kd6 Qb8+ 72.Kd7 Qa7+ 73.Kd6 Qb8+ 74.Kc5 Qf8+ 75.Kb6 Qb8+ 76.Ka5 Qa7+ 77.Kb4 Qe3
78.Qc3 Qf2 79.Qc7 Qxg3 80.b6 Qxf4+  1-0

[Event "Landesliga Nord 9697 Bayern"]
[Site "Germany"]
[Date "1996.??.??"]
[Round "?"]
[White "Spitzl, Bertram"]
[Black "Oberhofer, Hans"]
[Result "1/2-1/2"]
[WhiteElo "2105"]
[BlackElo "1925"]

1.Nf3 d5 2.g3 Nf6 3.Bg2 c6 4.O-O Bg4 5.Ne5 Bf5 6.c4 e6 7.cxd5 exd5 8.d3 Nbd7
9.Nxd7 Qxd7 10.e4 dxe4 11.dxe4 Qxd1 12.Rxd1 Be6 13.Nc3 Be7 14.h3 O-O 15.Be3 Nd7
16.f4 Bc5 17.Kf2 Bxe3+ 18.Kxe3 Nb6 19.b3 Rad8 20.f5 Bc8 21.g4 f6 22.Bf1 Kf7
23.h4 Ke7 24.Ne2 Rxd1 25.Rxd1 Rd8 26.Rxd8 Kxd8 27.Nf4 Ke7 28.Nd3 Nd7 29.Kf4 Kd6
30.g5 b6 31.Nf2 Ne5 32.gxf6 gxf6 33.Ng4 Nxg4 34.Kxg4 Ke5 35.Bd3 c5 36.Kh5 Bb7
37.Kh6 Bxe4 38.Bxe4 Kxe4 39.Kxh7 Kxf5 40.h5 b5 41.Kg7 c4 42.bxc4 bxc4 43.h6 c3
44.h7 c2 45.h8=Q c1=Q 46.Qh3+ Ke5 47.Qh2+ Qf4 48.Qxf4+ Kxf4 49.Kxf6 Ke4 50.a4 a5
51.Kg5 Ke3 52.Kg4 Kd3 53.Kf3 Kd2 54.Ke4 Kc3 55.Ke3 Kc2 56.Kd4 Kb3 57.Kd3  1/2-1/2

[Event "Bundesliga 9697"]
[Site "Germany"]
[Date "1996.??.??"]
[Round "?.3"]
[White "Smejkal, Jan"]
[Black "Boensch, Uwe"]
[Result "1-0"]
[WhiteElo "2500"]
[BlackElo "2525"]

1.Nf3 d5 2.g3 c6 3.Bg2 Bg4 4.O-O Nd7 5.d4 e6 6.Nbd2 Ngf6 7.Re1 Be7 8.e4 O-O
9.c3 Rc8 10.Qb3 Qc7 11.e5 Ne8 12.Nf1 c5 13.Bg5 Bxg5 14.Nxg5 h6 15.Ne3 hxg5
16.Nxg4 Nb6 17.Qd1 cxd4 18.Qxd4 Qc4 19.Qd1 Nc7 20.Bf1 Qc5 21.Bd3 Rfd8 22.Qd2 Qe7
23.b3 Na6 24.Bxa6 bxa6 25.Rac1 a5 26.Qe3 Rc7 27.Kg2 a4 28.Rh1 axb3 29.axb3 d4
30.cxd4 Nd5 31.Qd2 Rxc1 32.Rxc1 Rb8 33.Rc5 Qb7 34.Kh3 Qxb3 35.Qxg5 Qb1 36.Rxd5 Qh7+
37.Nh6+ Qxh6+ 38.Qxh6 gxh6 39.Ra5 Rb2 40.Kg2 Rb7 41.d5 exd5 42.Rxd5 Kg7 43.Ra5 Kg6
44.f4 f6 45.exf6 Kxf6 46.Kh3 Rh7 47.Kh4 h5 48.f5  1-0

[Event "Bundesliga 9697"]
[Site "Germany"]
[Date "1996.??.??"]
[Round "?.4"]
[White "Appel, Ralf"]
[Black "Miltner, Arndt"]
[Result "1/2-1/2"]
[WhiteElo "2490"]
[BlackElo "2330"]

1.Nf3 d5 2.g3 g6 3.Bg2 Bg7 4.O-O e5 5.c4 c6 6.cxd5 cxd5 7.d3 Ne7 8.Nc3 O-O
9.Bg5 Nbc6 10.Qa4 Be6 11.Rac1 h6 12.Bxe7 Qxe7 13.Nd2 Rfd8 14.Nb3 d4 15.Ne4 Bd5
16.Rc5 a6 17.Qa3 Kh8 18.Na5 Nxa5 19.Qxa5 b6 20.Qxb6 Rab8 21.Qa5 Bxe4 22.Bxe4 Rxb2
23.Rc7 Rd7 24.Rxd7 Qxd7 25.Qxa6 Rxe2 26.Rc1 Kh7 27.h4 h5 28.Kg2 Bh6 29.Rc6 Kg7
30.Rxg6+ fxg6 31.Qxg6+ Kf8 32.Qxh6+ Qg7 33.Qxh5 Rxa2 34.Bd5 Ra6 35.Qf5+ Qf6
36.Qc8+ Ke7 37.Qb7+ Kf8 38.h5 Rb6 39.Qa7 Rd6 40.Be4 Ra6 41.Qb8+ Kg7 42.Qc7+ Kf8
43.Qc8+ Kg7 44.Qd7+ Kf8 45.Qc8+  1/2-1/2

[Event "NRW-Liga II 9596"]
[Site "Germany"]
[Date "1996.??.??"]
[Round "?"]
[White "Boehle, Lars"]
[Black "Huelsmann, Josef"]
[Result "1/2-1/2"]
[WhiteElo "2265"]
[BlackElo "2225"]

1.Nf3 d5 2.g3 c6 3.Bg2 Bg4 4.O-O Nd7 5.d3 Ngf6 6.Nbd2 e5 7.e4 dxe4 8.dxe4 Bc5
9.Qe1 b5 10.h3 Bxf3 11.Nxf3 O-O 12.b3 Re8 13.Bb2 Qb6 14.a4 a5 15.Qe2 Ra7
16.Kh2 h6 17.Nh4 bxa4 18.Rxa4 Qb5 19.Qf3 Nb6 20.Ra2 a4 21.Nf5 Nbd7 22.Rfa1 Rea8
23.bxa4 Rxa4 24.Rxa4 Rxa4 25.Rxa4 Qxa4 26.Qe2  1/2-1/2

[Event "Bundesliga 9697"]
[Site "Germany"]
[Date "1996.??.??"]
[Round "?.4"]
[White "Mowsziszian, Karen"]
[Black "Boensch, Uwe"]
[Result "1-0"]
[WhiteElo "2470"]
[BlackElo "2525"]

1.Nf3 d5 2.g3 c6 3.Bg2 Bg4 4.d3 Nd7 5.O-O Ngf6 6.c4 e6 7.cxd5 cxd5 8.Nc3 Be7
9.e4 d4 10.Ne2 Bxf3 11.Bxf3 e5 12.Bg2 O-O 13.h4 a5 14.Bh3 Nc5 15.f4 Nfd7
16.h5 Ra6 17.Kg2 b5 18.Ng1 a4 19.Nf3 Bf6 20.h6 g6 21.Rf2 Qc7 22.Qf1 Ne6 23.f5 Nec5
24.Bd2 Qd8 25.fxg6 fxg6 26.Bb4 Re8 27.Nh2 Ne6 28.Bxe6+ Rexe6 29.Ng4 Rac6
30.a3 Bg5 31.Qe2 Be7 32.Bxe7 Qxe7 33.Raf1 Rc8 34.Qd2 Rec6 35.Kh3 Qe6 36.Qg5 Re8
37.Kh4 Rcc8 38.Nf6+ Nxf6 39.Rxf6 Qe7 40.Rf8+ Qxf8 41.Rxf8+ Rxf8 42.Qxe5 Rf7
43.Qxd4 Rc1 44.Qd8+ Rf8 45.Qd5+ Rf7 46.e5  1-0

[Event "Bundesliga 9697"]
[Site "Germany"]
[Date "1996.??.??"]
[Round "?.5"]
[White "Gabriel, Christian"]
[Black "Stangl, Markus"]
[Result "1/2-1/2"]
[WhiteElo "2565"]
[BlackElo "2565"]

1.Nf3 d5 2.g3 Nf6 3.Bg2 e6 4.O-O Be7 5.c4 O-O 6.b3 a5 7.Ba3 Nc6 8.d4 Bxa3
9.Nxa3 Qe7 10.Nb5 Rd8 11.Qc1 a4 12.Qf4 Ne8 13.Rac1 axb3 14.axb3 Nd6 15.Rfd1 Ra5
16.Nxd6 Qxd6 17.Ne5 f6 18.Nxc6 bxc6 19.Qd2 Ra6 20.cxd5 cxd5 21.Rc5 Bd7 22.Rdc1 c6
23.b4  1/2-1/2

[Event "Oberliga Ost 9596 playoff"]
[Site "Germany"]
[Date "1996.??.??"]
[Round "?"]
[White "Espig, Lutz"]
[Black "Sulskis, Sarunas"]
[Result "1/2-1/2"]
[WhiteElo "2395"]
[BlackElo "2505"]

1.Nf3 d5 2.g3 c6 3.Bg2 Nf6 4.b3 Bg4 5.Bb2 Nbd7 6.d3 a5 7.a3 Qb8 8.Nbd2 e5
9.O-O Bc5 10.e4 dxe4 11.dxe4 O-O 12.h3 Bxf3 13.Nxf3 Re8 14.Qe2 b5 15.Rfd1 Nf8
16.a4 Ng6 17.Ne1 h5 18.h4 Ng4 19.Nd3 Bd4 20.Bxd4 exd4 21.Qd2 Nxh4 22.gxh4 Qh2+
23.Kf1 Qxh4 24.Qf4 g5 25.Qf5 Re6 26.Ke2 Rf6 27.Rh1 Rxf5 28.Rxh4 Rxf2+ 29.Nxf2 gxh4
30.Bf3 Ne5 31.Bxh5 Kg7 32.Nd3 Nxd3 33.Kxd3 Rh8 34.Bf3 bxa4 35.Rxa4 h3 36.Rxa5 h2
37.Ra1 Rh3 38.Ke2 Kf6 39.Kf2 Ke5 40.Ra5+ Kf6 41.Ra1 Ke5 42.Kg2 Rh8 43.Ra5+ Kf4
44.Rf5+ Ke3 45.Kh1 Kd2 46.Rc5 Rh3 47.Bh5 f5 48.Bg6 f4 49.Rh5 Rg3 50.Rxh2+ Ke1
51.Rg2 Rh3+ 52.Rh2 Rg3 53.Rg2 Rh3+  1/2-1/2

[Event "Bundesliga 9697"]
[Site "Germany"]
[Date "1996.??.??"]
[Round "?.5"]
[White "Maiwald, Jens Uwe"]
[Black "Pichler, Juergen"]
[Result "1-0"]
[WhiteElo "2490"]
[BlackElo "2400"]

1.Nf3 d5 2.g3 Nf6 3.Bg2 g6 4.O-O Bg7 5.d3 O-O 6.c3 a5 7.a4 Nc6 8.Nbd2 e5
9.e4 dxe4 10.dxe4 b6 11.Re1 Ba6 12.Qb3 Nd7 13.Bf1 Nc5 14.Qd5 Bb7 15.Qa2 Qf6
16.h3 h6 17.Nh2 h5 18.Ndf3 Nd8 19.Bg5 Qe6 20.Bc4 Qe8 21.Bd5 Bxd5 22.exd5 e4
23.Nd2 Ndb7 24.f3 Qd7 25.fxe4 Qxh3 26.Re3 Qd7 27.e5 c6 28.d6 Rfe8 29.Nc4  1-0

[Event "Bundesliga 9697"]
[Site "Germany"]
[Date "1996.??.??"]
[Round "?.5"]
[White "Maiwald, Jens Uwe"]
[Black "Proehl, Holger"]
[Result "1/2-1/2"]
[WhiteElo "2490"]
[BlackElo "2400"]

1.Nf3 d5 2.g3 Nf6 3.Bg2 g6 4.O-O Bg7 5.d3 O-O 6.a3 Nbd7 7.Nc3 e5 8.e4 c6
9.exd5 Nxd5 10.Bd2 h6 11.Re1 Kh7 12.Ne4 f5 13.Nd6 Qc7 14.Nxc8 Raxc8 15.c4 N5f6
16.Bc3 Rce8 17.Re2  1/2-1/2

[Event "Bundesliga 9697"]
[Site "Germany"]
[Date "1996.??.??"]
[Round "?.5"]
[White "Meins, Gerlef"]
[Black "Mueller, Mat"]
[Result "0-1"]
[WhiteElo "2465"]
[BlackElo "2375"]

1.Nf3 d5 2.g3 Nf6 3.Bg2 e6 4.O-O Be7 5.d4 O-O 6.c4 c6 7.Nbd2 Nbd7 8.Qc2 b6
9.e4 Bb7 10.b3 Rc8 11.Bb2 c5 12.exd5 exd5 13.Qf5 dxc4 14.Nxc4 Be4 15.Qh3 b5
16.Ne3 c4 17.Rfc1 Nb6 18.Ne5 Bb4 19.bxc4 Bd2 20.Rd1 Bxe3 21.fxe3 Nxc4 22.Nxc4 bxc4
23.Rac1 Qd5 24.Bc3 Rfe8 25.Re1 h6 26.Bxe4 Nxe4 27.Qg2 Rc6 28.Rf1 Rce6 29.Rfe1 h5
30.Re2 h4 31.Be1 h3 32.Qxh3 Ng5 33.Qg2 Nf3+ 34.Kh1 Rxe3 35.Rxe3 Rxe3 36.Bf2 Rd3
37.Re1 Qd8 38.Rc1 c3 39.Bg1 Qd5 40.Re1 Kf8 41.Re5 Qb7  0-1

[Event "Bundesliga 9697"]
[Site "Germany"]
[Date "1996.??.??"]
[Round "?.5"]
[White "Tischbierek, Raj"]
[Black "Donev, Ivo Hristov"]
[Result "1-0"]
[WhiteElo "2500"]
[BlackElo "2400"]

1.Nf3 d5 2.g3 Bg4 3.Bg2 Nd7 4.c4 e6 5.d4 c6 6.O-O Bd6 7.Qb3 Qb6 8.Nc3 Ngf6
9.c5 Qxb3 10.axb3 Bc7 11.b4 b5 12.cxb6 Bxb6 13.Be3 O-O 14.Na4 Rfc8 15.Rfc1 Bd8
16.h3 Bxf3 17.exf3 Rab8 18.Bd2 Be7 19.Bf1 Bxb4 20.Bf4 a5 21.Bxb8 Nxb8 22.Nc5 Nfd7
23.Nd3 Nb6 24.Nxb4 axb4 25.Ra7 Kf8 26.Rb7 N8d7 27.Bb5 cxb5 28.Rxc8+ Nxc8
29.Rxd7 Ke8 30.Rc7 Nd6 31.Rc2 Kd7 32.Kf1 h5 33.Ke2 Nc4 34.b3 Na5 35.Rb2 Kc7
36.h4 g6 37.Ke3 Kd6 38.Rb1 e5 39.dxe5+ Kxe5 40.Kd3 Kd6 41.f4 Nb7 42.Rd1 Nc5+
43.Kc2 Ne4 44.Ra1 Nxf2 45.Ra6+ Ke7 46.Rb6 Ne4 47.Rxb5 Kd6 48.Rxb4 Nxg3 49.Rb6+ Ke7
50.b4 Ne2 51.Kd3 Nxf4+ 52.Kd4 f6 53.b5 g5 54.Rc6 g4 55.b6 g3 56.Ke3 g2 57.Rc1 Nh3
58.b7  1-0

[Event "Gleisdorf ch"]
[Site "Gleisdorf"]
[Date "1996.??.??"]
[Round "4"]
[White "Schrank, Marion"]
[Black "Matosec, Thomas"]
[Result "1-0"]
[WhiteElo "1715"]
[BlackElo "1920"]

1.Nf3 d5 2.g3 Nf6 3.Bg2 c6 4.O-O Bf5 5.d3 e6 6.c4 Bd6 7.Nc3 h6 8.Re1 O-O
9.e4 dxe4 10.dxe4 Nxe4 11.Nxe4 Bb4 12.Qxd8 Rxd8 13.Nc3 Nd7 14.Rd1 Bc2 15.Rd2 Bh7
16.a3 Be7 17.b4 a5 18.Bb2 axb4 19.axb4 Rxa1+ 20.Bxa1 Bxb4 21.Ne5 Ra8 22.Ra2 Rxa2
23.Nxa2 Nxe5 24.Bxe5 Bd2 25.Bb2 f6 26.Nc1 Bc2 27.Bf3 Kf7 28.Kf1 e5 29.h4 Ke6
30.Ke2 Ba5 31.Nd3 Bb6 32.Nc1 e4 33.Bg4+ f5 34.Bh5 g5 35.hxg5 hxg5 36.Bc3 Bc5
37.g4 f4 38.Bg6 Ba3 39.Kd2 Bb1 40.Bf5+ Kd6 41.Ne2 Bc5 42.Bd4 Bb4+ 43.Nc3 e3+
44.fxe3 Bxf5 45.gxf5 c5 46.Bf6 f3 47.e4 g4 48.Ke3 Bxc3 49.Bxc3 Ke7 50.e5 Kf7
51.e6+ Ke7 52.Be1 Kf6 53.Kf4 b5 54.cxb5  1-0

[Event "Gleisdorf ch"]
[Site "Gleisdorf"]
[Date "1996.??.??"]
[Round "6"]
[White "Schrank, Marion"]
[Black "Goeslbauer, Harald"]
[Result "1/2-1/2"]
[WhiteElo "1715"]
[BlackElo "1765"]

1.Nf3 d5 2.g3 Nf6 3.Bg2 Nbd7 4.c4 c6 5.O-O e6 6.b3 Bd6 7.Na3 O-O 8.Nc2 e5
9.d3 Re8 10.Nd2 Nf8 11.e4 d4 12.b4 b6 13.a4 c5 14.Ba3 Bg4 15.Qe1 Ng6 16.Nb3 Rc8
17.bxc5 bxc5 18.Na5 Qd7 19.Qd2 Rb8 20.Rfb1 Rb6 21.Rb5 Qc7 22.Rab1 Bd7 23.Rxb6 axb6
24.Nb3 Bxa4 25.Bc1 Rb8 26.Na3 b5 27.cxb5 Bxb5 28.Nxb5 Rxb5 29.Qc2 Qb6 30.Nd2 Rxb1
31.Qxb1 Qxb1 32.Nxb1 Nd7 33.Bh3 Nb6 34.Na3 Bf8 35.Bg4 Ne7 36.f4 Nc6 37.Kf2 g6
38.f5 Kg7 39.h4 h5 40.Bh3 Nb4 41.Ke2 Be7 42.fxg6 fxg6 43.Be6 Na4 44.Nc4 Nc3+
45.Kd2 Kf6 46.Bd7 Bf8 47.Ba3 Bh6+ 48.Ke1 Nxd3+ 49.Kf1 Nxe4 50.g4 Bc1 51.g5+ Ke7
52.Bc6 Nd2+ 53.Nxd2 Bxa3 54.Be4 Nf4 55.Nc4 Bc1 56.Nxe5 Ke6 57.Nxg6 Nxg6 58.Bxg6 c4
59.Bxh5 d3 60.Bg6 Bf4 61.Bh7 d2 62.Ke2 c3 63.Bc2 Be5 64.Kf3 Kd5 65.h5 Kd4
66.h6 Kd5 67.Kg4 Ke6 68.Bb3+ Ke7 69.Kf5 Bd4 70.g6 Kf8 71.Ke6 Bh8 72.Bc2 Bd4
73.Kd7 Bh8 74.Ke6  1/2-1/2

[Event "Goetzis op"]
[Site "Goetzis"]
[Date "1996.??.??"]
[Round "2"]
[White "Rupp, Markus"]
[Black "Albert, Marion"]
[Result "1/2-1/2"]
[WhiteElo "2255"]
[BlackElo "1940"]

1.Nf3 d5 2.g3 Nc6 3.Bg2 Bf5 4.O-O e5 5.d3 Nf6 6.Nbd2 Be7 7.b3 Qd7 8.c4 d4
9.Bb2 O-O 10.a3 a5 11.Qc2 Rad8 12.Rad1  1/2-1/2

[Event "Goetzis op"]
[Site "Goetzis"]
[Date "1996.??.??"]
[Round "7"]
[White "Maier, Peter"]
[Black "Mutzner, Andreas"]
[Result "1/2-1/2"]
[WhiteElo "2075"]
[BlackElo "2210"]

1.Nf3 d5 2.g3 g6 3.Bg2 Bg7 4.O-O Nf6 5.d3 c5 6.Nbd2 Nc6 7.e4 dxe4 8.dxe4 O-O
9.Re1 Qc7 10.c3 Rd8 11.Qe2 e5 12.Nf1 b6 13.Nh4 Nh5 14.Bf3 Nf6 15.Bg2 Nh5
16.Bf3 Nf6 17.Bg2  1/2-1/2

[Event "Goetzis op"]
[Site "Goetzis"]
[Date "1996.??.??"]
[Round "9"]
[White "Maier, Peter"]
[Black "Kranebitter, Gerhard"]
[Result "1-0"]
[WhiteElo "2075"]
[BlackElo "1840"]

1.Nf3 d5 2.g3 c5 3.Bg2 Nc6 4.O-O Nf6 5.d3 Bg4 6.h3 Bxf3 7.Bxf3 Nd4 8.Bg2 e6
9.Nd2 Bd6 10.e4 O-O 11.c3 Nc6 12.f4 Be7 13.e5 Nd7 14.Qe2 Re8 15.Nf3 f6 16.exf6 Bxf6
17.g4 g6 18.h4 Bg7 19.Bd2 e5 20.Ng5 Nf8 21.f5 h6 22.f6 Bxf6 23.Rxf6 Qxf6
24.Bxd5+ Kg7 25.Nf7 Qxh4 26.Bxh6+ Qxh6 27.Nxh6 Kxh6 28.Qh2+ Kg7 29.g5 Nh7
30.Qh6+ Kh8 31.Rf1 Rf8 32.Rxf8+ Rxf8 33.Bxc6 bxc6 34.Qxg6 Rg8 35.Qxc6 Rxg5+
36.Kf1 e4 37.dxe4 Kg7 38.Qc7+ Kg6 39.e5 Rf5+ 40.Ke2 Ng5 41.Qd6+ Kh5 42.e6 Ne4
43.Qh2+ Kg6 44.e7 Nf6 45.Qb8  1-0

[Event "Graz op"]
[Site "Graz"]
[Date "1996.??.??"]
[Round "?"]
[White "Ebner, Walter"]
[Black "Dewenter, Ulf"]
[Result "0-1"]
[WhiteElo "2210"]
[BlackElo "2310"]

1.Nf3 d5 2.g3 Nf6 3.Bg2 c6 4.d3 Bg4 5.Nbd2 Nbd7 6.O-O e5 7.e4 dxe4 8.dxe4 Bc5
9.Qe2 O-O 10.c3 a5 11.a4 Re8 12.h3 Bh5 13.Nc4 Bf8 14.Rd1 Qc7 15.g4 Bg6 16.Nh4 Nc5
17.Nxg6 hxg6 18.Bg5 Ne6 19.Be3 Bc5 20.Rd2 Red8 21.Rad1 Rxd2 22.Rxd2 Bxe3
23.Qxe3 Nd7 24.Bf1 Ndc5 25.b4 axb4 26.cxb4 Nxa4 27.Qg3 Nf4 28.Qb3 b5 29.Na5 Ne6
30.Qg3 Rd8 31.Rc2 Nd4 32.Rc1 c5 33.Nb3 c4 34.Na5 Nb6 35.h4 Nd7 36.h5 g5 37.Qe3 Nf8
38.Kh1 Nfe6 39.Rc3 Qe7 40.Bxc4 bxc4 41.Rxc4 Nf4 42.f3 Nde2 43.Nc6 Rd1+ 44.Kh2 Qd6
45.Ne7+ Qxe7 46.Rc8+ Rd8 47.Rc5 Rd3 48.Rc8+ Kh7 49.Qb6 Rxf3 50.Qh6+ gxh6  0-1

[Event "Graz op"]
[Site "Graz"]
[Date "1996.??.??"]
[Round "?"]
[White "Ebner, Walter"]
[Black "Kotz, Heinz Peter"]
[Result "1/2-1/2"]
[WhiteElo "2210"]
[BlackElo "2285"]

1.Nf3 d5 2.g3 c5 3.Bg2 Nc6 4.d3 Nf6 5.O-O e6 6.Nbd2 Be7 7.e4 O-O 8.e5 Nd7
9.Qe2 Qc7 10.Re1 b6 11.Nf1  1/2-1/2

[Event "GRE-ch95"]
[Site "GRE"]
[Date "1996.??.??"]
[Round "7"]
[White "Nikolaidis, Ioannis"]
[Black "Porfiriadis, Sotirios"]
[Result "1-0"]
[WhiteElo "2530"]
[BlackElo "2320"]

1.Nf3 d5 2.g3 c6 3.Bg2 Bg4 4.O-O Nd7 5.d3 Ngf6 6.Qe1 e5 7.e4 dxe4 8.dxe4 Bc5
9.Nbd2 O-O 10.Nc4 Re8 11.Ne3 Bh5 12.Nh4 Bf8 13.Kh1 Nc5 14.f3 Nfd7 15.b3 a5
16.a3 f6 17.Nhf5 Qc7 18.Ng4 Kh8 19.Bb2 b5 20.Rd1 Nb6 21.Nfe3 Ne6 22.f4 exf4
23.gxf4 Bc5 24.Qh4 Bxe3 25.Qxh5 Bxf4 26.e5 f5 27.Qxf5 Qe7 28.Rxf4 Nxf4 29.Qxf4 Rf8
30.Qg3 Rad8 31.Re1 Nd5 32.e6 b4 33.axb4 axb4 34.Nh6  1-0

[Event "Haarlem op"]
[Site "Haarlem"]
[Date "1996.??.??"]
[Round "4"]
[White "Hartoch, Robert G"]
[Black "Bagirov, Vladimir"]
[Result "1/2-1/2"]
[WhiteElo "2295"]
[BlackElo "2515"]

1.Nf3 d5 2.g3 c6 3.Bg2 Bg4 4.O-O Nd7 5.d3 e6 6.e4 Bd6 7.Nbd2 Ne7 8.h3 Bh5
9.Qe1 O-O 10.Nh2 Kh8 11.g4 Bg6 12.f4 f5 13.gxf5 exf5 14.e5 Bc5+ 15.Kh1 Ng8
16.Nhf3 Be7 17.Nb3 Re8 18.Be3 Nf8 19.Bc5 Ne6 20.Bxe7 Qxe7 21.Qg3 Nh6 22.Nbd4 Nxd4
23.Nxd4 Qb4 24.Nb3 a5 25.c3 Qb6 26.Qf2 Qxf2 27.Rxf2 Bh5 28.a4 Ng8 29.Nd4 Ne7
30.Nc2 h6 31.Ne3 Rad8 32.d4 Rf8 33.Bf1 b6 34.Bd3 c5 35.Rg1 Be8 36.Rfg2 g6
37.h4 h5 38.Bb5 Bxb5 39.axb5 Kh7 40.Rd2 c4 41.Nc2 Ra8 42.Ra1 Ng8 43.Ra4 Nh6
44.Ne1 Rfe8 45.Nf3 Kg7 46.Ng5  1/2-1/2

[Event "Hafnarfjordur op"]
[Site "Hafnarfjordur"]
[Date "1996.??.??"]
[Round "5"]
[White "Carlier, Bruno"]
[Black "Einarsson, Bergsteinn"]
[Result "1-0"]
[WhiteElo "2380"]
[BlackElo "2175"]

1.Nf3 d5 2.g3 Nf6 3.Bg2 c6 4.O-O Bg4 5.b3 g6 6.Bb2 Bg7 7.Ne5 Bf5 8.c4 O-O
9.d4 Nbd7 10.cxd5 cxd5 11.Nc3 Rc8 12.Rc1 Be6 13.Nd3 Bh6 14.e3 Re8 15.Qd2 a6
16.h3 Ne4 17.Nxe4 dxe4 18.Bxe4 Bxh3 19.Bxb7 Rb8 20.Bg2 Bxg2 21.Kxg2 Nf6 22.Qe2 Qd5+
23.Qf3 Qa5 24.Bc3 Qb5 25.Nc5 Rbd8 26.Qb7 Nd5 27.Qxb5 axb5 28.Kf3 Bg7 29.Ba5 Ra8
30.b4 e5 31.e4 Ne7 32.d5 f5 33.Ne6 fxe4+ 34.Kxe4 Bh6 35.Rc5 Rec8 36.Nc7 Rab8
37.Kxe5 Bg7+ 38.Ke6 Nf5 39.d6 Rf8 40.Kd5 Ne3+ 41.fxe3 Rxf1 42.Ne6 Bf8 43.d7 Bxc5
44.bxc5  1-0